000 00669nam a2200253Ia 4500
003 OSt
005 20220926014526.0
006 a|||||r|||| 00| 0
007 ta
008 220923b |||||||| |||| 00| 0 eng d
037 _cGeneral Book
040 _aRTL
_cRTL
_beng
041 _2eng
_aeng
082 _aX:513, M6
100 _aRies A I
_9320784
245 0 _aPositioning
_b The battle for your mind
250 _a2
260 _aNew York
_bMcGraw-Hill
_c1986
300 _ax,213p
_ccm.
650 _aAdvertising
700 _a Trout Jack
_9254330
942 _hX:513, M6
_cGB
_2CC
999 _c629290
_d629290